Potrebuje Európska únia (a Slovensko ako jej nový člen) univerzálny hodnotový model?
Hodnotová orientácia jednotlivých štátov EÚ zohráva dôležitú úlohu v realizácii medzinárodných politických a ekonomických vzťahov. Názor o potrebe reflexie zavádza teoretickú dichotómiu dvoch základných kategórií - poznania a hodnotenia (faktu a hodnoty). Reflexia sa preto sústredí na vzťah "civiliz...
Guardado en:
| Autor principal: | |
|---|---|
| Formato: | Capítulo de libro |
| Lenguaje: | eslovaco |
| Materias: | |
| Etiquetas: |
Sin Etiquetas, Sea el primero en etiquetar este registro!
|
MARC
| LEADER | 00000naa$a2200000$$$4500 | ||
|---|---|---|---|
| 001 | 0036114 | ||
| 005 | 20221207085653.1 | ||
| 041 | 0 | |a slo | |
| 044 | |a SK | ||
| 245 | 1 | 0 | |a Potrebuje Európska únia (a Slovensko ako jej nový člen) univerzálny hodnotový model? |c Katarína Hlôšková |
| 520 | |a Hodnotová orientácia jednotlivých štátov EÚ zohráva dôležitú úlohu v realizácii medzinárodných politických a ekonomických vzťahov. Názor o potrebe reflexie zavádza teoretickú dichotómiu dvoch základných kategórií - poznania a hodnotenia (faktu a hodnoty). Reflexia sa preto sústredí na vzťah "civilizačný rozvoj a etická realita". Úloha Slovenska v tomto procese. | ||
| 610 | 2 | 0 | |a hodnota |
| 610 | 2 | 0 | |a modely |
| 610 | 2 | 0 | |a civilizácia |
| 610 | 2 | 0 | |a etika |
| 610 | 2 | 0 | |a ekonómia |
| 100 | 1 | |a Hlôšková, Katarína | |